Statistics for Invasions

Click here to take the quiz!

General Stats

  • This quiz has been taken 72,831 times
  • The average score is 13 of 20

Answer Stats

DateInvaderInvaded Country% Correct
2003United StatesIraq
97%
2001United StatesAfghanistan
91%
Sep 1939GermanyPoland
85%
1973Egypt, SyriaIsrael
81%
1990IraqKuwait
81%
1979Soviet UnionAfghanistan
78%
1846United StatesMexico
74%
1812United StatesCanada
71%
Jun 1941GermanySoviet Union
71%
1415EnglandFrance
65%
1970United States,
South Vietnam
Cambodia
63%
1588Spain (attempted)England
58%
218 BCCarthageRome
58%
Nov 1939Soviet UnionFinland
55%
490 BCPersiaAthens / Sparta
51%
334 BCMacedoniaPersia
45%
Jun 1812FranceRussia
45%
1296EnglandScotland
44%
1956Soviet UnionHungary
40%
599 BCBabylonJudah
26%

Score Distribution

Percentile by Number Answered

Percent of People with Each Score

Your Score History

You have not taken this quiz